00413 2200169 4500001002100000005001500021007000300036008004100039035002000080082001000100084001600110110001100126245002600137260002800163300004300191650000900234INLIS00000000000028320231211112758ta231211 g 0 eng  a0010-1223000013 a633.1 a633.1 YAP b2 aYAPADI1 aBudaya Padi /cYAPADI aSurakarta :bIRF,c2001 axix, 81 hlm, :bilus, ;c15 cm x 23 cm 4aPadi